000 00517 a2200193 4500
005 20260430122318.0
008 260430b |||||||| |||| 00| 0 eng d
020 _a9789360801274
_cRs. 1595.00
040 _aMAIN
082 _a491.25
_bR879I
100 _aRuppel, Antonia M
245 _aIntroductory sanskrit reader: Improving reading fluency
260 _bManohar Publishers
_c2025
_aNew Delhi
300 _axx, 290
650 _aLanguage
650 _aSanskrit Language
650 _aReaders
942 _cBK
999 _c394338
_d394338